Enseñar a transgredir : (Record no. 209159)
[ view plain ]
| 000 -CABECERA | |
|---|---|
| campo de control de longitud fija | 00925nam a2200265 a 4500 |
| 005 - FECHA Y HORA DE LA ÚLTIMA TRANSACCIÓN | |
| campo de control | 20260417064122.0 |
| 008 - DATOS DE LONGITUD FIJA--INFORMACIÓN GENERAL | |
| campo de control de longitud fija | 230216s2021 sp |||||rb||| 000 0 spa d |
| 020 ## - NÚMERO INTERNACIONAL NORMALIZADO PARA LIBROS | |
| Número Internacional Normalizado del libro | 9788412281842 |
| 040 ## - FUENTE DE CATALOGACIÓN | |
| Agencia de catalogación original | MX-MxUPN |
| Idioma de catalogación | spa |
| Agencia que realiza la transcripción | MX-MxUPN |
| 041 1# - | |
| -- | spa |
| -- | eng |
| 050 14 - | |
| -- | LC196 |
| -- | H66 2021 |
| 100 1# - | |
| -- | hooks, bell, |
| -- | 1952-2021 |
| -- | 48032 |
| 245 10 - MENCIÓN DE TÍTULO | |
| Título | Enseñar a transgredir : |
| Parte restante del título | la educación como práctica de la libertad |
| 260 ## - PUBLICACION, DISTRIBUCION, ETC. (PIE DE IMPRENTA) | |
| Lugar de publicación, distribución, etc. | Madrid : |
| Nombre del editor, distribuidor, etc. | Capitán Swing, |
| Fecha de publicación, distribución, etc. | 2021 |
| 300 ## - DESCRIPCIÓN FÍSICA | |
| Extensión | 229 páginas |
| 504 ## - | |
| -- | Incluye referencias bibliográficas. |
| 500 ## - NOTA GENERAL | |
| Nota general | Traducción de: Teaching to transgress: education as the practice of freedom. |
| 650 #4 - | |
| -- | Pedagogía crítica |
| -- | 8121 |
| 650 #4 - | |
| -- | Pensamiento crítico |
| -- | Estudio y enseñanza |
| -- | 48033 |
| 650 #4 - | |
| -- | Feminismo y educación |
| -- | 9163 |
| 700 1# - | |
| -- | Malo, Marta |
| -- | 48047 |
| -- | prologuista |
| -- | traductora |
| 902 ## - ELEMENTOS DE DATOS B LOCAL, LDB (RLIN) | |
| Creó | Víctor Ruiz/030323 |
| 942 ## - ELEMENTOS DE PUNTO DE ACCESO ADICIONAL (KOHA) | |
| Fuente del sistema de clasificación o colocación | Library of Congress Classification |
| Tipo de ítem Koha | Libro |
| Estado de retiro | Estado de pérdida | Fuente del sistema de clasificación o colocación | Estado dañado | No para préstamo | Código de colección | Localización permanente | Ubicación/localización actual | Ubicación en estantería | Fecha de adquisición | Total de préstamos | Renovaciones totales | Signatura topográfica completa | Código de barras | Fecha visto por última vez | Fecha del último préstamo | Precio válido a partir de | Tipo de ítem Koha | Nota pública | Número de copia |
|---|---|---|---|---|---|---|---|---|---|---|---|---|---|---|---|---|---|---|---|
| Library of Congress Classification | Colección General | Bib. Gregorio Torres Quintero | Bib. Gregorio Torres Quintero | Planta baja | 16/02/2023 | 6 | 1 | LC196 H66 2021 | 336229 | 09/02/2026 | 18/08/2025 | 16/02/2023 | Libro | Bibliografía de la Unidad de Igualdad de Género e Inclusión | |||||
| Library of Congress Classification | Colección General | Bib. Gregorio Torres Quintero | Bib. Gregorio Torres Quintero | Planta baja | 16/02/2023 | 6 | 2 | LC196 H66 2021 | 336230 | 12/03/2026 | 09/02/2026 | 16/02/2023 | Libro | Bibliografía de la Unidad de Igualdad de Género e Inclusión | Ej. 2 |
